Most Influential Vocaloid Producers - Statistics

General Stats
  • This quiz has been taken 47 times
  • The average score is 11 of 30
Answer Stats
Answer % Correct
DECO*27
91%
Mitchie M
81%
Giga
72%
MARETU
63%
PinocchioP
59%
Kikuo
56%
Wowaka
53%
Ryo (Supercell)
50%
HACHI
47%
Kanaria
44%
Inabakumori
41%
siinamota
38%
CrusherP
34%
Kairiki Bear
34%
CircusP
31%
Neru
31%
Orangestar
28%
syudou
28%
LamazeP
25%
Utsu-P
25%
samfree
22%
32ki
19%
Hiiragi Magnetite
19%
JIN
19%
SAWTOWNE
19%
sasakure.uk
16%
Yukopi
9%
rerulili
6%
Three
6%
Owata-P
3%
No matching quizzes found
Score Distribution
Percent of People with Each Score
Percentile by Number Answered
Your Score History
You have not taken this quiz